The stellar context of local group galaxies (Record no. 13058)
[ view plain ]
| 000 -LEADER | |
|---|---|
| fixed length control field | 00960nam a2200241Ia 4500 |
| 003 - CONTROL NUMBER IDENTIFIER | |
| control field | IN-BaIIA |
| 008 - FIXED-LENGTH DATA ELEMENTS--GENERAL INFORMATION | |
| fixed length control field | 211028s9999 xx 000 0 eng d |
| 020 ## - INTERNATIONAL STANDARD BOOK NUMBER | |
| International Standard Book Number | 1-886733-82-1 |
| 040 ## - CATALOGING SOURCE | |
| Transcribing agency | IIA Library |
| 080 ## - UNIVERSAL DECIMAL CLASSIFICATION NUMBER | |
| Universal Decimal Classification number | 082.2:52 |
| Item number | IAU-S192 |
| 111 ## - MAIN ENTRY--MEETING NAME | |
| Meeting name or jurisdiction name as entry element | Symposium of the International Astronomical Union |
| Number of part/section/meeting | 192nd |
| Location of meeting | South Africa |
| Date of meeting or treaty signing | 1998 Sept. 7-11 |
| 9 (RLIN) | 22985 |
| 245 #4 - TITLE STATEMENT | |
| Title | The stellar context of local group galaxies |
| Remainder of title | proceedings of the 192nd symposium of the IAU held in Cape Town, South Africa, 7-11 Sept. 1998 |
| Statement of responsibility, etc. | edited by P. Whitelock and R. Cannon |
| 260 ## - PUBLICATION, DISTRIBUTION, ETC. | |
| Place of publication, distribution, etc. | California |
| Name of publisher, distributor, etc. | Astronomical Society of the Pacific |
| Date of publication, distribution, etc. | 1999 |
| 300 ## - PHYSICAL DESCRIPTION | |
| Extent | xviii, 529p. |
| 490 ## - SERIES STATEMENT | |
| Series statement | IAU symposium; no. 192 |
| 650 ## - SUBJECT ADDED ENTRY--TOPICAL TERM | |
| Topical term or geographic name entry element | Galaxies |
| 9 (RLIN) | 1286 |
| 650 ## - SUBJECT ADDED ENTRY--TOPICAL TERM | |
| Topical term or geographic name entry element | Local group of galaxies |
| 9 (RLIN) | 1288 |
| 650 ## - SUBJECT ADDED ENTRY--TOPICAL TERM | |
| Topical term or geographic name entry element | Stars |
| 700 ## - ADDED ENTRY--PERSONAL NAME | |
| Personal name | Cannon, R. ed. |
| 9 (RLIN) | 20816 |
| 700 ## - ADDED ENTRY--PERSONAL NAME | |
| Personal name | Whitelock, P., ed. |
| 9 (RLIN) | 22986 |
| 710 ## - ADDED ENTRY--CORPORATE NAME | |
| Corporate name or jurisdiction name as entry element | International Astronomical Union |
| 942 ## - ADDED ENTRY ELEMENTS (KOHA) | |
| Koha item type | Books |
| Withdrawn status | Lost status | Damaged status | Not for loan | Home library | Current library | Shelving location | Date acquired | Total Checkouts | Full call number | Barcode | Date last seen | Price effective from | Koha item type |
|---|---|---|---|---|---|---|---|---|---|---|---|---|---|
| IIA Library-Bangalore | IIA Library-Bangalore | General Stacks | 05/07/1999 | 082.2:52/ IAU-S192 | 13975 | 05/11/2021 | 05/07/1999 | Books |